Mountain in the Answers - Statistics

General Stats
  • This quiz has been taken 44,116 times
    16,850 since last reset
  • The average score is 13 of 20
Answer Stats
Clue Answer % Correct
World's tallest mountain Mount Everest
99%
Has four Presidents on its face Mount Rushmore
94%
Home of the Greek gods Mount Olympus
90%
It destroyed Pompeii Mount Vesuvius
90%
Japan's highest mountain Mount Fuji
89%
Highest mountain in Africa Mount Kilimanjaro
83%
Another name for a cougar or puma Mountain lion
78%
Mountain range which runs through Colorado Rocky Mountains
77%
Europe's most active volcano Mount Etna
72%
Sure-footed mammal Mountain goat
65%
"I wish I knew how to quit you" said Jake Gyllenhaal in this movie Brokeback Mountain
60%
Otherwise known as Denali Mount McKinley
58%
Noah's ark landed here Mount Ararat
56%
Volcano in Mordor Mount Doom
47%
Disney theme park roller coaster that is "out of this world" Space Mountain
47%
Varieties include Code Red, LiveWire, and Voltage Mountain Dew
43%
George Washington's house Mount Vernon
41%
Hill in Jerusalem which is synonymous with a Jewish homeland Mount Zion
38%
New Zealand peak also known as Aoraki Mount Cook
32%
Hill on an island in the Saint Lawrence river which a city is named for Mount Royal
19%
No matching quizzes found
Score Distribution
Percent of People with Each Score
Percentile by Number Answered
Your Score History
You have not taken this quiz since the last reset